=LDR 00000nam 2200000 4500 =001 INLIS000000000004820 =005 20220310034134 =035 ##$$a 0010-0322000217 =245 1#$$a Rancang Bangun Sistem Pelampung Alat Pengangkut Sampah Pada Kanal : $b Tugas Akhir /$c Sulbihal =100 #$$a SULBIHAL =250 ##$$a 2019 =300 ##$$a x, 41 halaman : $b Tabel, Gambar ; $c 20,5x29 cm =856 ##$$a OPAC (Rak TA TMI 2019) =260 ##$$a Makassar :$b Politeknik ATI Makassar - Teknik Manufaktur Industri Agro,$c 2019 =082 ##$$a (R)2019 TA-TMIA 818 =084 ##$$a (R)2019 TA-TMIA 818 SUL r =650 #4$$a Tugas Akhir TMI 2019 =500 ##$$a Tugas Akhir TMI 2019 =990 ##$$a 222/TA TMIA 2019